000 00452nam a2200181Ia 4500
999 _c18765
_d18765
003 0100
005 20180129095225.0
008 130303s9999 xx 000 0 und d
040 _cARRUPELIB
050 _aDT555.45.D35S667
100 _aSome, Malidoma Patrice
_938951
245 _aOf water and the spirit:
_britual, magic, and initiation in the life of an African shaman
260 _aNew York
_bPenguin Books
_c1994
300 _a309p.
650 _aShamans
_xBiography
_zBurkina Faso
_938952
650 _aDagari (African people)
_xBiography
_938953
650 _aDagari (African people)
_xReligion
_938954
650 _aDagari (African people)
_xRites and ceremonies
_938955
942 0 0 _01
_2lcc
_cMONOGRAPH